| 000 | 00692ngm a22002291 4500 | ||
|---|---|---|---|
| 001 | 0000008973 | ||
| 005 | 20151217161726.0 | ||
| 007 | vf cbahou | ||
| 008 | 080625s xx--- vleng d | ||
| 020 |
_a0890514461 : _cKES 1280.20 |
||
| 040 |
_aKABU _cKABU |
||
| 100 | 1 |
_aHam, Ken. _@0000159784 |
|
| 245 | 0 | 4 |
_aThe Lie _h[videorecording] : _bevolution / _cKen Ham. |
| 260 |
_aNew York : _bMaster Books, _c[200?] |
||
| 300 |
_a4 CD-ROM : _bsd., col ; _c4 3/4 in. |
||
| 650 | 0 |
_aCreation. _@0000106681 |
|
| 650 | 0 |
_aEvolution. _@0000155261 |
|
| 908 | _a080625 | ||
| 950 | _@1 | ||
| 999 |
_c15553 _d15553 |
||